Welcome to CU Library Online Public Access Catalogue (OPAC)

Developmental biology / (Record no. 2100)

MARC details
000 -LEADER
fixed length control field 00609pam a2200205 a 4500
001 - CONTROL NUMBER
control field 4961023
005 - DATE AND TIME OF LATEST TRANSACTION
control field 20241212113738.0
008 - FIXED-LENGTH DATA ELEMENTS--GENERAL INFORMATION
fixed length control field 970131s1997 maua b 001 0 eng
020 ## - INTERNATIONAL STANDARD BOOK NUMBER
International Standard Book Number 0878932445 (hc)
050 00 - LIBRARY OF CONGRESS CALL NUMBER
Classification number QL955
Item number .G48 1997
082 00 - DEWEY DECIMAL CLASSIFICATION NUMBER
Classification number 571.8
Edition information 21
100 1# - MAIN ENTRY--PERSONAL NAME
Personal name Gilbert, Scott F.,
Dates associated with a name 1949-
245 10 - TITLE STATEMENT
Title Developmental biology /
Statement of responsibility, etc. Scott F. Gilbert.
250 ## - EDITION STATEMENT
Edition statement 5th ed.
260 ## - PUBLICATION, DISTRIBUTION, ETC.
Place of publication, distribution, etc. Sunderland, Mass. :
Name of publisher, distributor, etc. Sinauer Associates,
Date of publication, distribution, etc. c1997.
300 ## - PHYSICAL DESCRIPTION
Extent 1 v. (various pagings) :
Other physical details ill. (some col.) ;
Dimensions 29 cm.
650 #0 - SUBJECT ADDED ENTRY--TOPICAL TERM
Topical term or geographic name entry element Embryology.
650 #0 - SUBJECT ADDED ENTRY--TOPICAL TERM
Topical term or geographic name entry element Developmental biology.
942 ## - ADDED ENTRY ELEMENTS (KOHA)
Source of classification or shelving scheme Library of Congress Classification
Koha item type Books
Edition 5th ed.
Suppress in OPAC No
999 ## -
-- 2100
-- 2100
Holdings
Withdrawn status Lost status Source of classification or shelving scheme Damaged status Not for loan Collection Home library Current library Shelving location Date acquired Total checkouts Full call number Barcode Date last seen Copy number Price effective from Koha item type
    Library of Congress Classification     Non-fiction Science Library (Miotso) Science Library (Miotso) General stacks 12/12/2024   QL955 .G48 GIL SLM00001231 12/12/2024 1 12/12/2024 Books
© 2023-2024 Copyright: Central University Libraries. All Rights Reserved | Created by: Mahone Tech Office